African City to Country #1 - Statistics

General Stats
  • This quiz has been taken 19 times
    5 since last reset
  • The average score is 53 of 60
Answer Stats
Question Tile Select % Correct
Cities in Algeria. Abidjan No
100%
Cities in Egypt. Aleppo No
100%
Cities in Egypt. Alexandria Yes
100%
Cities in Algeria. Algiers Yes
100%
Cities in Egypt. Aswan Yes
100%
Cities in Egypt. Athens No
100%
Cities in Egypt. Cairo Yes
100%
Cities in Morocco. Casablanca Yes
100%
Cities in Algeria. Dar es Salaam No
100%
Cities in Morocco. Dhaka No
100%
Cities in Algeria. Durban No
100%
Cities in Morocco. Freetown No
100%
Cities in Libya. Gaza No
100%
Cities in Egypt. Giza Yes
100%
Cities in Libya. Gqeberha No
100%
Cities in Libya. Juba No
100%
Cities in Egypt. Kano No
100%
Cities in Libya. Khartoum No
100%
Cities in Morocco. Kigali No
100%
Cities in Libya. Kinshasa No
100%
Cities in Libya. Kumasi No
100%
Cities in Morocco. Lusaka No
100%
Cities in Libya. Maputo No
100%
Cities in Morocco. Marrakesh Yes
100%
Cities in Egypt. Mecca No
100%
Cities in Morocco. Monaco No
100%
Cities in Algeria. Nairobi No
100%
Cities in Algeria. N'Djamena No
100%
Cities in Algeria. Nuku'alofa No
100%
Cities in Morocco. Rabat Yes
100%
Cities in Egypt. Ramallah No
100%
Cities in Morocco. Tangier Yes
100%
Cities in Libya. Tripoli Yes
100%
Cities in Egypt. Windhoek No
100%
Cities in Morocco. Agra No
80%
Cities in Libya. Ajdabiya Yes
80%
Cities in Algeria. Annaba Yes
80%
Cities in Tunisia. Antananarivo No
80%
Cities in Libya. Benghazi Yes
80%
Cities in Algeria. Constantine Yes
80%
Cities in Morocco. Fez Yes
80%
Cities in Tunisia. Lagos No
80%
Cities in Tunisia. Lima No
80%
Cities in Egypt. Luxor Yes
80%
Cities in Tunisia. Malé No
80%
Cities in Libya. Misrata Yes
80%
Cities in Algeria. Oran Yes
80%
Cities in Tunisia. Port Louis No
80%
Cities in Tunisia. Pretoria No
80%
Cities in Algeria. Setif Yes
80%
Cities in Tunisia. Sfax Yes
80%
Cities in Egypt. Sharm El Sheikh Yes
80%
Cities in Tunisia. Sousse Yes
80%
Cities in Tunisia. Tunis Yes
80%
Cities in Tunisia. Kairouan Yes
60%
Cities in Morocco. Meknes Yes
60%
Cities in Tunisia. Bizerte Yes
40%
Cities in Tunisia. Gabes Yes
40%
Cities in Libya. Khoms Yes
40%
Cities in Algeria. Tlemcen Yes
40%
No matching quizzes found
Score Distribution
Percent of People with Each Score
Percentile by Number Answered
Your Score History
You have not taken this quiz since the last reset